000 00449nam a2200145Ia 4500
003 OSt
005 20260128101338.0
008 211028s2017 xx 000 0 und d
040 _cAIMIT LIBRARY
041 _aeng
100 _aMachado, Shayel Vilita; Rose, Swapna.
_g1516149
_97722
245 _aMeasurement of satisfaction level of the employees regarding recruitment and slection /
260 _aMangalore
_bSwapna Rose.
_c2017
942 _2ddc
_cPRO
999 _c219290
_d219290